IInstitution of state - business relation and its impact on manufacturing productivity growth in India: A post - reform analysis (Record no. 98859)

000 -LEADER
fixed length control field 00584pab a2200193 454500
008 - FIXED-LENGTH DATA ELEMENTS--GENERAL INFORMATION
fixed length control field 180718b2013 xxu||||| |||| 00| 0 eng d
100 ## - MAIN ENTRY--PERSONAL NAME
Personal name Kathuria, Vinish
245 ## - TITLE STATEMENT
Title IInstitution of state - business relation and its impact on manufacturing productivity growth in India: A post - reform analysis
260 ## - PUBLICATION, DISTRIBUTION, ETC.
Date of publication, distribution, etc. 2013
300 ## - PHYSICAL DESCRIPTION
Extent p.83-108.
362 ## - DATES OF PUBLICATION AND/OR SEQUENTIAL DESIGNATION
Dates of publication and/or sequential designation Mar
650 ## - SUBJECT ADDED ENTRY--TOPICAL TERM
Topical term or geographic name entry element India - Manufacturing industries
650 ## - SUBJECT ADDED ENTRY--TOPICAL TERM
Topical term or geographic name entry element Manufacturing industry
700 ## - ADDED ENTRY--PERSONAL NAME
Personal name Sen, Kunal
700 ## - ADDED ENTRY--PERSONAL NAME
Personal name Raj S.N., Rajesh
773 ## - HOST ITEM ENTRY
Main entry heading South Asia Economic Journal
908 ## - PUT COMMAND PARAMETER (RLIN)
Put command parameter N
909 ## -
-- 98860
Holdings
Withdrawn status Lost status Damaged status Not for loan Permanent Location Current Location Date acquired Serial Enumeration / chronology Barcode Date last seen Price effective from Koha item type
        Indian Institute of Public Administration Indian Institute of Public Administration 2018-07-19 Volume no: 14, Issue no: 1 AR99320 2018-07-19 2018-07-19 Articles

Powered by Koha